000
00340nam a2200145Ia 4500
003
OSt
005
20240102051023.0
008
170524s9999 xx 000 0 und d
020
_a
8171417663
040
_c
IIMT UNIVERSITY
100
_a
RAO- V. PALA PRASADA
245
0
_a
INDIA-PAKISTAN
260
_b
NEW DELHI: DISCOVERY
942
_2
ddc
_c
01
999
_c
9307
_d
9307